Joaqun̕ Amaro y el proceso de institucionalizacin̤ del ejřcito mexicano, 1917-1931

Detalles Bibliográficos
Autor principal: Loyo Camacho, Martha Beatriz
Formato: eBook
Lenguaje:español
Publicado: Ciudad de Mx̌ico: Cm̀ara de Diputados, 2010
Materias:
Acceso en línea:Acceso restringido

MARC

LEADER 00000nam a22000007a 4500
005 20171122182533.0
007 cr|||| ||||
008 171122s2010 mx |||||s|||| 00||0 spa d
020 |a 968-16-6612-7 
035 |a 20867 
040 |a vLex 
090 |c 7237  |d 7237 
100 1 |a Loyo Camacho, Martha Beatriz 
245 1 0 |a Joaqun̕ Amaro y el proceso de institucionalizacin̤ del ejřcito mexicano, 1917-1931  |h [Recurso electrn̤ico] /  |c Martha Beatriz Loyo Camacho  
256 |a Servicio en ln̕ea 
260 |a Ciudad de Mx̌ico:  |b Cm̀ara de Diputados,  |c 2010 
300 |a 1 recurso electrn̤ico (210p.) 
506 1 |a Disponible solo en los productos indicados  |d vLex Global  |d vLex Global (Academic Edition, excluding Law Schools)  |d vLex Global (U.S. Academic Edition, Law Schools)  |d vLex Global (U.S. Academic Edition, excluding Law Schools)  |d vLex Global (Academic Edition, Law Schools) 
650 0 4 |a Derecho pb︢lico  |z Mx̌ico 
650 0 4 |a Derecho administrativo  |z Mx̌ico 
650 0 4 |a Defensa  |z Mx̌ico 
740 0 |a vLex Libros (Servicio en ln̕ea) 
856 4 0 |u http://vlex.com/source/joaquin-amaro-proceso-institucionalizacion-ejercito-mexicano-1917-1931-20867  |z Acceso restringido 
942 |c BOOK 
999 0 |a Administrative law 
999 0 |a Public law